00483 2200181 4500001002100000005001500021008004100036020002200077035001900099041000700118082001000125090001600135100001300151245005500164260003100219300002600250650002500276INLIS00000000002070320241224130905241224||||||||| | ||| |||| || |  a978-979-21-2007-3 0010-1224020703 aid0 a634.4 a634.4 SOE b0 aSoedjito00aBudi Daya Jambu Merah Mujarab Atasi Demam Berdarah aYogyakartabKanisiusc2008 a68 hlm,;illus17x24 cm 0aBertanam Jambu Merah